[Event "VIE-ch U15 Girls"]
[Site "Hanoi"]
[Date "2022.06.16"]
[Round "8"]
[White "Hoang, My Ky Nam"]
[Black "Nguyen, Huynh Xuan Anh"]
[Result "1/2-1/2"]
[WhiteElo "2106"]
[BlackElo "2122"]
[PlyCount "48"]
[EventDate "2022.06.11"]
[EventType "swiss"]
[EventRounds "9"]
[EventCountry "VIE"]
[SourceTitle "EXT 2023"]
[Source "ChessBase"]
[SourceDate "2022.10.05"]
[SourceVersion "1"]
[SourceVersionDate "2022.10.05"]
[SourceQuality "1"]

1. e4 c6 2. d4 d5 3. exd5 cxd5 4. Bd3 Nc6 5. c3 Nf6 6. Nf3 Bg4 7. Be2 e6 8. 0-0 Be7 9. Nbd2 0-0 10. b3 Rc8 11. Bb2 h6 12. Rc1 Bf5 13. c4 Nb4 14. a3 Nd3 15. Bxd3 Bxd3 16. Re1 b6 17. cxd5 Rxc1 18. Qxc1 Nxd5 19. Nc4 Bf5 20. Ne3 Nxe3 21. Qxe3 Bf6 22. Rc1 Bg4 23. Nd2 Qd7 24. Ne4 Be7 1/2-1/2

[Event "VIE-ch U15 Girls"]
[Site "Hanoi"]
[Date "2022.06.13"]
[Round "3"]
[White "Nguyen, Huynh Xuan Anh"]
[Black "Pham, Hoang Thien Nhi"]
[Result "1/2-1/2"]
[WhiteElo "2122"]
[BlackElo "2101"]
[PlyCount "63"]
[EventDate "2022.06.11"]
[EventType "swiss"]
[EventRounds "9"]
[EventCountry "VIE"]
[SourceTitle "EXT 2023"]
[Source "ChessBase"]
[SourceDate "2022.10.05"]
[SourceVersion "1"]
[SourceVersionDate "2022.10.05"]
[SourceQuality "1"]

1. d4 d5 2. Nf3 Nf6 3. Bf4 Nc6 4. e3 a6 5. Bd3 Bg4 6. a3 h6 7. 0-0 e6 8. h3 Bh5 9. c4 Bd6 10. Bxd6 cxd6 11. Nc3 dxc4 12. Bxc4 0-0 13. Be2 d5 14. Rc1 Bg6 15. b4 Ne4 16. Nxe4 Bxe4 17. Nd2 Bh7 18. Nb3 Ne7 19. Nc5 b5 20. Qb3 Nf5 21. Bg4 Ra7 22. Qb2 Qg5 23. Bxf5 Bxf5 24. Kh2 Qg6 25. Rg1 Bd3 26. Rc3 Bc4 27. Rgc1 Kh8 28. Nb3 Rc8 29. Nd2 a5 30. Nxc4 bxc4 31. b5 a4 32. b6 1/2-1/2